| 000 | 00370nam a2200145Ia 4500 | ||
|---|---|---|---|
| 008 | 240624s9999 xx 000 0 und d | ||
| 041 | _aeng | ||
| 082 | _a332.63228 KOL | ||
| 100 | _aKOLB ROBERT W | ||
| 245 | _aFUTURES OPTIONS AND SWAPS | ||
| 250 | _a(5th ed.) | ||
| 260 |
_c2009 _aNew Delhi _bWiley India |
||
| 300 | _axvi, : 819 : p. : cm. ; 25 | ||
| 365 |
_cRS _b33.33 |
||
| 999 |
_c15026 _d15026 |
||